Online Catalogue and eLibrary

Yapana Tharuna Congressye (Record no. 5752)

MARC details
000 -LEADER
fixed length control field 00404nam a2200157Ia 4500
005 - DATE AND TIME OF LATEST TRANSACTION
control field 20250703152748.0
008 - FIXED-LENGTH DATA ELEMENTS--GENERAL INFORMATION
fixed length control field 240331s9999 xx 000 0 und d
020 ## - INTERNATIONAL STANDARD BOOK NUMBER
ISBN 9789556593174
082 ## - DDC Classification
Item Number - Author Mark KAD
Class No. 950
100 ## - MAIN ENTRY--PERSONAL NAME
Personal name Kadirgamar, S
245 #0 - TITLE STATEMENT
Title Yapana Tharuna Congressye
260 ## - PUBLICATION, DISTRIBUTION, ETC.
Place of publication, distribution, etc. Colombo - Chennai
Name of publisher, distributor, etc. Kumaran Book Store
Date of publication, distribution, etc. 2012
300 ## - PHYSICAL DESCRIPTION
Extent (e.g. Volumes, Pages etc.) 140 p .,
650 ## - SUBJECT ADDED ENTRY--TOPICAL TERM
Topical term or geographic name entry element Jaffna Youth Congress
942 ## - Koha item type (Biblio)
Koha item type Books in Stacks (Lending)
Holdings
Lost status Damaged status Collection code Home library Current library Shelving location Date acquired Full call number Accession Number Item type
    Lending WERC Library WERC Library Social Science Cupboard 03/31/2024 950 KAD 6694 Books in Stacks (Lending)

© WERC Library